000 01186nam a2200229Ia 4500
001 L235-9273
003 IT-CnALBA
008 170116s9999||||xx |||||||||||||| ||und||
040 _aIT-CnALBA
_cIT-CnALBA
041 _aITALIANO
100 _aPRAT FRANCESCO, SJ.
245 0 _aSAN PAOLO.
250 _a1a ed.
260 _a SIENA
_bCANTAGALLI EZIO, EDITORE.
_c1941 [1° Ed.:1941 - Ed.Ling.Originale: 1941]
300 _a205 p.
500 _aCURATORE LANZA G. SAULOFARISEO, DOTTORE DELLA LEGGE. CONVERSIONE. PREPARAZIONE ALL'APOSTOLATO. PRIMO VIAGGIO APOSTOLICO CON BARNABA E MARCO. CONCILIO A GERUSALEMME. SECONDO E TERZO VIAGGIO. ARRESTO A GERUSALEMME. ROMA. QUARTO VIAGGIO. ULTIMA PRIGIONIA. MA
501 _aSocietà San Paolo EM - Piazza San Paolo, 14 - 12051 ALBA (CN) (non commercial uses only) ® Copyright 2017
520 _aCURATORE LANZA G. SAULOFARISEO, DOTTORE DELLA LEGGE. CONVERSIONE. PREPARAZIONE ALL'APOSTOLATO. PRIMO VIAGGIO APOSTOLICO CON BARNABA E MARCO. CONCILIO A GERUSALEMME. SECONDO E TERZO VIAGGIO. ARRESTO A GERUSALEMME. ROMA. QUARTO VIAGGIO. ULTIMA PRIGIONIA. MA
650 _aMARIA SS. ANGELI SANTI DEMONI
942 _cBK
957 _71
999 _a10249
_bSI
_g Copie: 1
_c268449
_d268449